000 00378nam a22001577a 4500
003 GBCCL
005 20251001115619.0
008 251001b |||||||| |||| 00| 0 eng d
040 _cGBC
082 _aVER 248.5
_bSIA 1
100 _aSiamlalmuan, L
245 _aKuate ahia nungzui ?
260 _aLamka :
_bGinthanfel Dousel,
_c2025
300 _a138p. ;
942 _2ddc
_cBK
_n0
999 _c10943
_d10943